00559nam a2200181 a 4500008004100000020002200041245006300063260003800126300003600164500002000200504004100220650002800261650004300289700001800332003000100350005001700351040000900368  a0240515994 (pbk.)00aManaging in the media /cPeter Block, editor ... [et al.]. aOxford, UK :bFocal Press,c2001. axxiii, 388 p. :bill. ;c24 cm. aIncludes index. aIncludes bibliographical references. 0aMass mediaxManagement. 0aMass mediazGreat BritainxManagement.1 aBlock, Peter.20230123133815.0 cNUST